LEADER 03111nam 2200697Ia 450 001 9910781153303321 005 20200520144314.0 010 $a1-62198-467-2 010 $a1-282-56869-8 010 $a9786612568695 010 $a0-8144-1576-8 035 $a(CKB)2550000000013126 035 $a(EBL)533014 035 $a(OCoLC)635960670 035 $a(SSID)ssj0000418500 035 $a(PQKBManifestationID)11313461 035 $a(PQKBTitleCode)TC0000418500 035 $a(PQKBWorkID)10370821 035 $a(PQKB)10649069 035 $a(Au-PeEL)EBL533014 035 $a(CaPaEBR)ebr10387197 035 $a(CaONFJC)MIL256869 035 $a(CaSebORM)9780814415733 035 $a(MiAaPQ)EBC533014 035 $a(EXLCZ)992550000000013126 100 $a20100114d2010 uy 0 101 0 $aeng 135 $aur|n|---||||| 181 $ctxt 182 $cc 183 $acr 200 10$aGenerations, Inc$b[electronic resource] $efrom boomers to linksters--managing the friction between generations at work /$fMeagan Johnson and Larry Johnson 205 $a1st edition 210 $aNew York $cAMACOM$dc2010 215 $a1 online resource (273 p.) 300 $aDescription based upon print version of record. 311 $a0-8144-1573-3 320 $aIncludes bibliographical references and index. 327 $aCONTENTS; ACKNOWLEDGMENTS; AUTHORS' NOTE; CHAPTER 1 Signposts: Harbingers of Things to Come; CHAPTER 2 Baby Boomers: The Elephant in the Python; CHAPTER 3 Managing Boomers; CHAPTER 4 Big Bird, Wayne's World, and Home Alone: Signposts for Generation X; CHAPTER 5 Managing Generation X; CHAPTER 6 The Next Elephant in the Python: Signposts for Generation Y; CHAPTER 7 Managing Generation Y; CHAPTER 8 Old Dogs Have Lots to Offer: Signposts for the Traditional Generation; CHAPTER 9 Managing the Traditional Generation; CHAPTER 10 Cell Phones and Hanna Montana: Signposts for the Linkster Generation 327 $aCHAPTER 11 Managing the Linkster GenerationCHAPTER 12 Different Strokes for Different Folks: A Model for Managing Across Generational Boundaries; APPENDIX A: Resolving Intergenerational Conflict; APPENDIX B: A Quick-Reference Guide to the Book; NOTES; INDEX; A; B; C; D; E; F; G; H; I; J; K; L; M; N; O; P; Q; R; S; T; U; V; W; Y; Z 330 $aWhen Woodstock meets Facebook at the watercooler. 606 $aDiversity in the workplace$xManagement 606 $aIntergenerational relations 606 $aIntergenerational communication 606 $aConflict of generations 606 $aPersonnel management 615 0$aDiversity in the workplace$xManagement. 615 0$aIntergenerational relations. 615 0$aIntergenerational communication. 615 0$aConflict of generations. 615 0$aPersonnel management. 676 $a658.30084 700 $aJohnson$b Meagan$f1970-$01515296 701 $aJohnson$b Larry$f1947-$01503317 801 0$bMiAaPQ 801 1$bMiAaPQ 801 2$bMiAaPQ 906 $aBOOK 912 $a9910781153303321 996 $aGenerations, Inc$93750951 997 $aUNINA LEADER 02012nas 2200421 n 450 001 990008893860403321 005 20240229084435.0 011 $a0003-3499 035 $a000889386 035 $aFED01000889386 035 $a(Aleph)000889386FED01 035 $a000889386 091 $2CNR$aP 00095526 100 $a20090724a19339999km-y0itaa50------ba 101 0 $aeng 110 $aauu-------- 200 1 $aAnimal breeding abstracts 207 1$a1933- 210 $aEdinburgh$cCAB International 326 $aMensile 530 0 $aAnimal breeding abstracts 675 $a636 676 $a591.150 16 676 $a636 712 02$aCommonwealth Bureau of Animal Breeding and Genetics 801 0$aIT$bACNP$c20090723 859 4 $uhttp://acnp.cib.unibo.it/cgi-ser/start/it/cnr/dc-p1.tcl?catno=63938&person=false&language=ITALIANO&libr=&libr_th=unina1$zBiblioteche che possiedono il periodico 901 $aSE 912 $a990008893860403321 958 $aBiblioteca. Dipartimento di Scienze del Suolo, della Pianta, dell'Ambiente e della Produzioni Animali -Sez. Scienze zootecniche$b1933-1997;$fDAGSZ 958 $aBiblioteca. Dipartimento di Scienze Zootecniche ed Ispezione degli Alimenti dell'Università Federico II. Sezione Beniamino Ferrara$b1955-$fDMVBF 959 $aDAGSZ 959 $aDMVBF 996 $aAnimal breeding abstracts$9801440 997 $aUNINA AP1 8 $6866-01$aNA085 Biblioteca. Dipartimento di Scienze del Suolo, della Pianta, dell'Ambiente e della Produzioni Animali -Sez. Scienze zootecniche$ev. Università,100, 80055 Portici (NA)$m08125.39322$nit AP1 8 $6866-02$aNA096 Biblioteca. Dipartimento di Scienze Zootecniche ed Ispezione degli Alimenti dell'Università Federico II. Sezione Beniamino Ferrara$ev. Delpino,1, Napoli (NA)$m081 4421929/11$nit AP2 40$aacnp.cib.unibo.it$nACNP Italian Union Catalogue of Serials$uhttp://acnp.cib.unibo.it/cgi-ser/start/it/cnr/df-p.tcl?catno=63938&language=ITALIANO&libr=&person=&B=1&libr_th=unina&proposto=NO